[Event "FIDE Chesscom Grand Swiss 2019"]
[Site "Douglas-Isle of Man"]
[Date "2019.10.15"]
[Round "6.8"]
[White "Gelfand, Boris"]
[Black "Adhiban, B.."]
[Result "1/2-1/2"]
[WhiteElo "2686"]
[BlackElo "2639"]
[Annotator "RC"]
[PlyCount "91"]
[EventDate "2019.10.10"]
[EventType "swiss"]
[EventCountry "GBR"]
[SourceTitle "playchess.com"]
[Source "ChessBase"]
[SourceQuality "1"]
[TimeControl "40/6000+30:20/3000+30:900+30"]

1. d4 {[%emt 0:00:00]} d5 {[%emt 0:00:00]} 2. c4 {[%emt 0:00:00]} c6 {[%emt 0:00:00]} 3. Nf3 {[%emt 0:00:00]} Nf6 {[%emt 0:00:00]} 4. e3 {[%emt 0:00:00]} Bf5 {[%emt 0:00:00]} 5. Nc3 {[%emt 0:00:06]} e6 {[%emt 0:00:00]} 6. Nh4 {[%emt 0:00:16]} Be4 {[%emt 0:00:04]} 7. f3 {[%emt 0:00:03]} Bg6 {[%emt 0:00:08]} 8. Qb3 {[%emt 0:00:22]} Qc7 {[%emt 0:00:06]} 9. Bd2 {[%emt 0:00:09]} Be7 {[%emt 0:00:05]} 10. Rc1 {[%emt 0:02:22]} Nbd7 {[%emt 0:00:05]} 11. g3 {[%emt 0:08:30]} dxc4 {[%emt 0:00:06]} 12. Bxc4 {[%emt 0:00:47]} a6 {[%emt 0:00:02]} 13. a4 {[%emt 0:15:16]} c5 {[%emt 0:03:56]} 14. O-O {[%emt 0:08:00]} cxd4 {[%emt 0:03:43]} 15. exd4 {[%emt 0:02:32]} Qd6 {[%emt 0:00:04]} 16. Be3 {[%emt 0:08:19]} Nb6 {[%emt 0:00:06]} 17. Nxg6 {[%emt 0:04:58]} hxg6 {[%emt 0:00:07]} 18. Ne4 {[%emt 0:01:25]} Qd8 {[%emt 0:00:02]} 19. Be2 {[%emt 0:07:13]} Nbd5 {[%emt 0:05:29]} 20. Bf2 {[%emt 0:06:50]} Rb8 {[%emt 0:06:12]} 21. Nc5 {[%emt 0:03:14]} O-O {[%emt 0:05:33]} 22. Rc2 {[%emt 0:02:16]} a5 {[%emt 0:19:38]} 23. Qb5 {[%emt 0:03:36]} Nb4 {[%emt 0:03:52]} 24. Rcc1 {[%emt 0:04:25]} b6 {[%emt 0:01:10]} 25. Nd3 {[%emt 0:00:24]} Nfd5 {[%emt 0:10:11]} 26. Ne5 {[%emt 0:02:04]} Bf6 {[%emt 0:00:31]} 27. Qd7 {[%emt 0:07:31]} Rc8 {[%emt 0:10:21]} 28. Bb5 {[%emt 0:00:58]} Rc7 {[%emt 0:04:03]} 29. Rxc7 {[%emt 0:00:54]} Qxc7 {[%emt 0:14:23]} 30. Qxc7 {[%emt 0:01:53]} Nxc7 {[%emt 0:00:01]} 31. Be2 {[%emt 0:00:26]} Ncd5 {[%emt 0:04:42]} 32. Rc1 {[%emt 0:00:24]} Na2 {[%emt 0:05:19]} 33. Rc4 {[%emt 0:03:31]} Nab4 {[%emt 0:00:04]} 34. h4 {[%emt 0:03:22]} Be7 {[%emt 0:03:21]} 35. f4 {[%emt 0:02:36]} Rd8 {[%emt 0:00:46]} 36. Kf1 {[%emt 0:02:39]} Bd6 {[%emt 0:00:37]} 37. Bf3 {[%emt 0:00:42]} Ne7 {[%emt 0:02:30]} 38. Be4 {[%emt 0:03:09]} Kf8 {[%emt 0:03:23]} 39. Ke2 {[%emt 0:01:16]} Ke8 {[%emt 0:00:12]} 40. Rc1 {[%emt 0:02:24]} Rb8 {[%emt 0:04:01]} 41. Be1 {[%emt 0:54:23]} Ned5 {[%emt 0:16:07]} 42. Bd2 {[%emt 0:00:00]} Bxe5 {[%emt 0:02:23]} 43. fxe5 {[%emt 0:00:00]} Kd7 {[%emt 0:00:34]} 44. Rf1 {[%emt 0:00:00]} Ke7 {[%emt 0:00:12]} 45. Rc1 {[%emt 0:00:00]} Kd7 {[%emt 0:00:45]} 46. Rf1 {[%emt 0:00:00]} 1/2-1/2

[Event "FIDE Chesscom Grand Swiss 2019"]
[Site "Douglas-Isle of Man"]
[Date "2019.10.15"]
[Round "6.8"]
[White "Saric, Ivan"]
[Black "Vovk, Andriy"]
[Result "1-0"]
[WhiteElo "2667"]
[BlackElo "2618"]
[Annotator "RC"]
[PlyCount "67"]
[EventDate "2019.10.10"]
[EventType "swiss"]
[EventCountry "GBR"]
[SourceTitle "playchess.com"]
[Source "ChessBase"]
[SourceQuality "1"]
[TimeControl "40/6000+30:20/3000+30:900+30"]

1. e4 {[%emt 0:00:00]} c5 {[%emt 0:00:08]} 2. Nf3 {[%emt 0:00:00]} Nc6 {[%emt 0:01:00]} 3. d4 {[%emt 0:00:00]} cxd4 {[%emt 0:00:35]} 4. Nxd4 {[%emt 0:00:03]} Nf6 {[%emt 0:00:19]} 5. Nc3 {[%emt 0:00:05]} d6 {[%emt 0:00:48]} 6. Bg5 {[%emt 0:00:10]} e6 {[%emt 0:00:19]} 7. Qd2 {[%emt 0:00:15]} a6 {[%emt 0:00:42]} 8. O-O-O {[%emt 0:00:10]} Bd7 {[%emt 0:01:12]} 9. f4 {[%emt 0:00:11]} b5 {[%emt 0:01:01]} 10. Bxf6 {[%emt 0:00:06]} gxf6 {[%emt 0:00:12]} 11. Kb1 {[%emt 0:00:10]} Qb6 {[%emt 0:00:55]} 12. Nce2 {[%emt 0:01:51]} h5 {[%emt 0:02:07]} 13. h4 {[%emt 0:00:24]} O-O-O {[%emt 0:07:03]} 14. Rh3 {[%emt 0:03:02]} Kb8 {[%emt 0:04:12]} 15. Nxc6+ {[%emt 0:05:21]} Bxc6 {[%emt 0:01:26]} 16. Rb3 {[%emt 0:02:24]} d5 {[%emt 0:28:45]} 17. Nd4 {[%emt 0:02:49]} Bb7 {[%emt 0:13:21]} 18. e5 {[%emt 0:02:55]} fxe5 {[%emt 0:04:16]} 19. fxe5 {[%emt 0:00:08]} Rg8 {[%emt 0:00:09]} 20. a4 {[%emt 0:10:07]} b4 {[%emt 0:00:35]} 21. g3 {[%emt 0:00:58]} Rg4 {[%emt 0:13:13]} 22. Be2 {[%emt 0:03:06]} Re4 {[%emt 0:00:22]} 23. Bxh5 {[%emt 0:04:00]} Rd7 {[%emt 0:01:13]} 24. Rf3 {[%emt 0:09:39]} Bg7 {[%emt 0:07:09]} 25. Rxf7 {[%emt 0:12:24]} Rxf7 {[%emt 0:00:36]} 26. Bxf7 {[%emt 0:00:04]} Bxe5 {[%emt 0:04:12]} 27. Nxe6 {[%emt 0:13:48]} b3 {[%emt 0:06:02]} 28. cxb3 {[%emt 0:00:10]} Bxg3 {[%emt 0:02:50]} 29. Nf8 {[%emt 0:09:09]} Re7 {[%emt 0:08:15]} 30. Bxd5 {[%emt 0:01:03]} Bc8 {[%emt 0:00:05]} 31. h5 {[%emt 0:01:22]} Bg4 {[%emt 0:00:44]} 32. Qg5 {[%emt 0:03:36]} Qb4 {[%emt 0:00:12]} 33. Ne6 {[%emt 0:02:56]} Re8 {[%emt 0:01:43]} 34. Nd4 {[%emt 0:01:11]} 1-0

[Event "FIDE Chesscom Grand Swiss 2019"]
[Site "Douglas-Isle of Man"]
[Date "2019.10.15"]
[Round "6.9"]
[White "Alekseenko, Kirill"]
[Black "Akopian, Vladimir"]
[Result "1-0"]
[WhiteElo "2674"]
[BlackElo "2638"]
[Annotator "TA"]
[PlyCount "81"]
[EventDate "2019.10.10"]
[EventType "swiss"]
[EventCountry "GBR"]
[SourceTitle "playchess.com"]
[Source "ChessBase"]
[SourceQuality "1"]

{[%evp 14,81,10,21,25,15,27,14,18,0,0,0,10,3,2,-13,-5,-9,-6,-6,-12,-4,-6,-16,0,0,0,0,35,31,35,35,28,33,39,36,29,34,53,60,56,46,38,56,63,60,69,59,58,56,99,99,100,102,187,184,193,181,383,317,274,274,560,553,554,538,526,514,475,453]} 1. e4 e5 2. Nf3 Nc6 3. Bc4 Bc5 4. O-O Nf6 5. d3 h6 6. c3 d6 7. b4 Bb6 8. a4 {Hoping for a5.} a5 {C54: Giuoco Piano: 4 c3 Nf6, main lines with 5 d4 and 5 d3} 9. b5 Ne7 {[%cal Bc6e7,Be7g6,Bg6h4,Bh4f3][%mdl 32]} 10. Nbd2 O-O {The position is equal.} 11. Bb3 Ng6 ({Predecessor:} 11... Bg4 12. h3 Bh5 13. Re1 {1-0 (44) Pikula,D (2465)-Mader,J (2205) Biel 1997}) 12. Re1 Bg4 $146 (12... Re8 13. Nc4 Bc5 14. h3 c6 15. Bd2 Be6 16. bxc6 bxc6 {½-½ (31) Nakamura,H (2793)-Xiong,J (2674) Saint Louis 2017}) 13. h3 Bh5 14. Nf1 Nh4 15. N1h2 Nxf3+ 16. Nxf3 Qd7 17. Be3 $1 Bxe3 18. Rxe3 Bxf3 19. Qxf3 c6 20. Bc4 d5 21. bxc6 bxc6 22. exd5 cxd5 23. Bb5 Qc7 24. Qg3 Qxc3 25. Qxe5 Qxe5 26. Rxe5 Rfc8 27. Rae1 Rc7 28. g4 g5 29. f4 gxf4 30. Rf1 Rd8 31. Rxf4 Nh7 32. Rff5 Rc2 33. Re7 Rf8 {[#]} (33... Rdc8 $16 {was necessary.}) 34. Be8 $1 $18 (34. Rxd5 $6 Ng5 $16) 34... Kh8 {[#]} 35. h4 $1 (35. Rfxf7 $6 Rxf7 36. Bxf7 Ng5 $16) (35. Rxd5 $6 Ng5 $16) 35... Rg8 $2 (35... Rb2 36. Rfxf7 (36. Rxd5 Nf6 $16) 36... Rxf7 37. Rxf7 (37. Bxf7 Rd2 $16) 37... Rb6) 36. Rfxf7 {[%csl Ge7][%cal Rf7h7]} Rxg4+ 37. Kf1 {And now Bd7 would win.} Rxh4 $2 (37... Kg8 38. Rf5 (38. Rxh7 Rf4+ 39. Kg1 Rg4+ 40. Kf1 Rf4+ 41. Kg1 Rg4+ 42. Kh1 Rcg2 $11) 38... Kh8) 38. Rxh7+ {White is clearly winning.} Kg8 {[%cal Rh4h1]} 39. Rhg7+ Kh8 {...Rh1+ is the strong threat.} 40. Kg1 Rb4 {( -> ...Rb1+)} 41. Rg2 {Accuracy: White = 87%, Black = 55%.} 1-0

[Event "FIDE Chesscom Grand Swiss 2019"]
[Site "Douglas-Isle of Man"]
[Date "2019.10.15"]
[Round "6.9"]
[White "Ganguly, Surya Shekhar"]
[Black "Jobava, Baadur"]
[Result "1-0"]
[WhiteElo "2658"]
[BlackElo "2617"]
[Annotator "RC"]
[PlyCount "69"]
[EventDate "2019.10.10"]
[EventType "swiss"]
[EventCountry "GBR"]
[SourceTitle "playchess.com"]
[Source "ChessBase"]
[SourceQuality "1"]
[TimeControl "40/6000+30:20/3000+30:900+30"]

1. e4 {[%emt 0:00:00]} c6 {[%emt 0:00:00]} 2. d4 {[%emt 0:00:00]} d5 {[%emt 0:00:00]} 3. exd5 {[%emt 0:00:05]} cxd5 {[%emt 0:00:00]} 4. Bd3 {[%emt 0:00:09]} Nc6 {[%emt 0:00:50]} 5. c3 {[%emt 0:00:09]} e6 {[%emt 0:01:31]} 6. Bf4 {[%emt 0:00:48]} Nge7 {[%emt 0:02:00]} 7. Nd2 {[%emt 0:00:10]} f6 {[%emt 0:00:57]} 8. Qe2 {[%emt 0:00:26]} Bd7 {[%emt 0:01:11]} 9. Nb3 {[%emt 0:06:33]} b6 {[%emt 0:13:09]} 10. h4 {[%emt 0:04:09]} a5 {[%emt 0:05:44]} 11. Nd2 {[%emt 0:03:28]} a4 {[%emt 0:00:58]} 12. a3 {[%emt 0:00:31]} h5 {[%emt 0:00:11]} 13. O-O-O {[%emt 0:12:41]} Kf7 {[%emt 0:05:42]} 14. Nh3 {[%emt 0:10:10]} b5 {[%emt 0:37:36]} 15. Nf3 {[%emt 0:02:56]} Kg8 {[%emt 0:13:15]} 16. Kb1 {[%emt 0:02:27]} Na5 {[%emt 0:13:42]} 17. Bxb5 {[%emt 0:09:23]} Nc4 {[%emt 0:08:17]} 18. Ka1 {[%emt 0:02:47]} Ng6 {[%emt 0:02:38]} 19. Bxc4 {[%emt 0:04:11]} dxc4 {[%emt 0:00:05]} 20. Qxc4 {[%emt 0:00:15]} Rc8 {[%emt 0:01:29]} 21. Qd3 {[%emt 0:01:14]} Qe8 {[%emt 0:00:27]} 22. Rhe1 {[%emt 0:05:33]} Bb5 {[%emt 0:00:04]} 23. Qe4 {[%emt 0:01:28]} Bc4 {[%emt 0:00:56]} 24. d5 {[%emt 0:03:22]} e5 {[%emt 0:00:28]} 25. Nd2 {[%emt 0:05:16]} Bb5 {[%emt 0:00:05]} 26. Bg3 {[%emt 0:00:07]} Bd7 {[%emt 0:00:35]} 27. f4 {[%emt 0:00:57]} f5 {[%emt 0:00:57]} 28. Qb1 {[%emt 0:05:33]} e4 {[%emt 0:00:19]} 29. d6 {[%emt 0:00:07]} Rh6 {[%emt 0:00:46]} 30. Ng5 {[%emt 0:00:41]} Nh8 {[%emt 0:00:03]} 31. Ndxe4 {[%emt 0:03:48]} fxe4 {[%emt 0:00:05]} 32. Qa2+ {[%emt 0:00:04]} Be6 {[%emt 0:01:25]} 33. d7 {[%emt 0:00:15]} Qxd7 {[%emt 0:00:33]} 34. Rxd7 {[%emt 0:00:12]} Bxa2 {[%emt 0:00:02]} 35. Kxa2 {[%emt 0:00:10]} 1-0

[Event "FIDE Chesscom Grand Swiss 2019"]
[Site "Douglas-Isle of Man"]
[Date "2019.10.15"]
[Round "6.10"]
[White "Oparin, Grigoriy"]
[Black "Hansen, Eric"]
[Result "1/2-1/2"]
[WhiteElo "2654"]
[BlackElo "2611"]
[Annotator "TA"]
[PlyCount "109"]
[EventDate "2019.10.10"]
[EventType "swiss"]
[EventCountry "GBR"]
[SourceTitle "playchess.com"]
[Source "ChessBase"]
[SourceQuality "1"]

{[%evp 15,109,19,30,30,31,29,31,31,37,45,42,37,31,27,31,18,23,11,43,11,16,16,10,12,20,18,18,0,7,0,0,0,0,10,30,27,35,37,20,32,35,31,29,32,30,40,58,9,9,9,9,9,9,2,2,2,2,2,2,2,2,2,2,2,50,50,52,50,52,50,52,50,52,50,52,2,2,2,2,2,2,2,2,2,2,2,2,2,2,2,2,0,0,0,2,0]} 1. Nf3 d5 2. e3 Nf6 3. c4 dxc4 4. Bxc4 e6 5. b3 c5 6. Bb2 a6 7. O-O Nc6 8. Be2 Be7 9. d4 {A09: Réti Opening: 1 Nf3 d5 2 c4} cxd4 10. Nxd4 Bd7 11. Bf3 {White is slightly better.} Rc8 12. Nxc6 Bxc6 13. Qxd8+ Kxd8 14. Rd1+ Ke8 {[#]} 15. Nd2 $146 ({Predecessor:} 15. Rc1 Kd7 16. Nd2 Bxf3 17. Nxf3 {½-½ (43) Vitiugov,N (2721)-Lintchevski,D (2563) Tallinn 2016}) 15... Bxf3 16. Nxf3 Bc5 17. Rd3 {Rc1 is the strong threat.} Ke7 18. Rad1 Rhe8 19. g4 h6 20. Ne5 Rc7 21. h4 g5 $1 22. h5 Rec8 23. Kg2 Nd5 24. Kf3 b5 25. e4 $36 {[%mdl 2048] Black is under pressure.} Nf4 26. Rd7+ Ke8 27. Rxc7 Rxc7 28. Bc1 Be7 29. Be3 f6 30. Bxf4 gxf4 $11 {[%mdl 4096] Endgame KRB-KRN} 31. Nd3 (31. Ng6 {keeps more tension.} e5 32. g5 fxg5 33. Rd5 Ba3 34. Nxe5 Rc2 35. Ng4) 31... e5 32. Rc1 Rxc1 33. Nxc1 {KB-KN} Kd7 34. Nd3 Bd6 35. Ke2 Kc6 36. Kd2 Kb6 37. Kc3 Kc6 38. b4 Kb6 39. Kb3 Kc6 40. a4 Kb6 41. f3 Kc6 42. Nc1 Be7 43. Na2 Bd8 44. Nc3 Be7 45. axb5+ axb5 {The position is equal.} 46. Nd5 Bd8 47. Kc3 Kd6 48. Kd3 Kc6 49. Ke2 Kd6 50. Kf1 Be7 51. Kg2 Kd7 52. Kh3 Ke6 53. Nc7+ Kd7 54. Nd5 Ke6 55. Nc7+ {Accuracy: White = 83%, Black = 85%.} 1/2-1/2

[Event "FIDE Chesscom Grand Swiss 2019"]
[Site "Douglas-Isle of Man"]
[Date "2019.10.15"]
[Round "6.10"]
[White "Lenderman, Aleksandr"]
[Black "Anton Guijarro, David"]
[Result "0-1"]
[WhiteElo "2648"]
[BlackElo "2674"]
[Annotator "TA"]
[PlyCount "110"]
[EventDate "2019.10.10"]
[EventType "swiss"]
[EventCountry "GBR"]
[SourceTitle "playchess.com"]
[Source "ChessBase"]
[SourceQuality "1"]

{[%evp 27,109,-10,-10,-12,0,-25,-18,-22,-17,-21,-12,-13,0,-41,0,-23,10,-6,-5,-30,-23,-24,-27,-21,-22,-75,-52,-68,-47,-66,-50,-92,-49,-125,-117,-116,-81,-107,-102,-125,-89,-97,-93,-89,-89,-89,-89,-135,-128,-135,-138,-135,-136,-204,-149,-397,-397,-450,-432,-436,-450,-446,-439,-431,-421,-740,-746,-770,-752,-810,-789,-771,-764,-756,-730,-827,-850,-5098,-2687,-1391,-1202,-29973,-920,-29999]} 1. d4 d5 2. c4 dxc4 3. Nf3 Nf6 4. e3 e6 5. Bxc4 c5 6. O-O a6 7. Bb3 b5 8. Qe2 Bb7 9. Rd1 Nbd7 10. e4 cxd4 11. Nxd4 Qc7 12. Nc3 Bc5 13. Be3 O-O 14. Rac1 Qb6 15. f3 {D29: Queen's Gambit Accepted: Classical main line: 7 Qe2 with early ...Nbd7} Rac8 (15... Rfd8 16. a3 Ne5 17. Nc2 Bxe3+ 18. Qxe3 Qxe3+ 19. Nxe3 Kf8 20. Nc2 Nc6 21. Kf2 Rxd1 22. Nxd1 Rd8 {1-0 (50) Andersson,U (2640)-Magem Badals,J (2550) Pamplona 1997}) 16. Bf2 Ne5 {aiming for ...Rfd8.} 17. Rc2 {The position is equal.} Nh5 $146 ({Predecessor:} 17... Rfd8 18. Rcd2 Rd7 19. Nc2 Rcd8 20. Rxd7 Rxd7 21. Rxd7 Nexd7 {0-1 (44) Morea,G (1883)-Gradinariu,L Iasi 2013}) 18. g3 {Black must now prevent f4.} Nf6 19. Rcd2 $1 h6 20. Kg2 g5 21. h3 Ng6 22. Be3 Rfe8 23. Nc2 (23. a3 {is more complex.} Qc7 24. Qf2 Qe7 25. Kh2 Kh7 26. Nc2) 23... Bxe3 (23... Qc7 {is interesting.} 24. a3 Qe5 25. Bxc5 Qxc5 26. Nb4 h5) 24. Qxe3 Qxe3 25. Nxe3 h5 26. g4 (26. Rd6 $11 {remains equal.}) 26... h4 27. a3 Kf8 28. Ne2 Rc7 29. Nd4 Rec8 30. Kh2 (30. a4 $15) 30... Ke7 $1 $17 31. Kg2 Ne5 (31... Nf4+ {with more complications.} 32. Kh2 Nd7 33. Ng2 Ng6 34. Kg1 Nge5) 32. Rc2 Rxc2+ 33. Bxc2 Nfd7 34. Bd3 Ng6 35. Kf2 Nde5 36. Bf1 Nf4 37. Nb3 Rc7 38. Rd2 Bc8 39. Rd1 Bd7 40. Rd2 (40. Nd4 $17) 40... Be8 41. Rd1 $2 {[#]} (41. Nd4 $17) 41... b4 $1 $19 {[%mdl 512]} 42. Ra1 (42. axb4 Ba4) 42... bxa3 43. Rxa3 Bb5 44. Ra5 Bxf1 45. Kxf1 Rb7 46. Nd4 (46. Nd2 $142 Rxb2 47. Ke1) 46... Rxb2 {( -> ...Rb1+)} 47. Nec2 Rb1+ 48. Kf2 Nxh3+ 49. Kg2 Nf4+ 50. Kh2 Kf6 51. Rxa6 Rd1 52. Ra3 Rd2+ 53. Kh1 Ned3 54. Ra1 Rg2 (54... Nf2+ $142 55. Kg1 N2h3+ 56. Kh1 Rg2 57. Rf1 Nf2+ 58. Rxf2 Rxf2 59. Nb4 e5 60. Nf5 Rxf3 61. Nc6 Rf1+ 62. Kh2 Rf2+ 63. Kh1 Nd3 64. Nce7 h3 65. Nd5+ Ke6 66. Ng7+ Kd7 67. Ne3 Re2 68. Ngf5 Ke6 69. Ng7+ {[#]} Kf6 $1 {[%mdl 512]} 70. Ngf5 Nf2+ {[%mdl 64] Double Attack} 71. Kg1 Nxe4 72. Nd5+ Ke6 73. Nde3 Kf6 74. Nd5+ Ke6 75. Nde3 h2+ 76. Kh1 Nf2+ 77. Kxh2 Nxg4+ {[%mdl 64] Double Attack} 78. Kh3 Rxe3+ 79. Nxe3 Nxe3 80. Kh2 f5 81. Kg3 f4+ 82. Kf3 g4+ 83. Ke2 g3 84. Kf3 Kf5 85. Ke2 g2 86. Ke1 g1=Q+ 87. Kd2 Qb1 88. Kc3 f3 89. Kd2 Qc2+ 90. Kxe3 Qe2#) 55. Ne3 Nf2# {Accuracy: White = 24%, Black = 69%.} 0-1

[Event "FIDE Chesscom Grand Swiss 2019"]
[Site "Douglas-Isle of Man"]
[Date "2019.10.15"]
[Round "6.11"]
[White "Anand, Viswanathan"]
[Black "Abdusattorov, Nodirbek"]
[Result "1-0"]
[WhiteElo "2765"]
[BlackElo "2608"]
[Annotator "TA"]
[PlyCount "41"]
[EventDate "2019.10.10"]
[EventType "swiss"]
[EventCountry "GBR"]
[SourceTitle "playchess.com"]
[Source "ChessBase"]
[SourceQuality "1"]

{[%evp 15,93,10,6,1,9,0,17,12,30,8,16,23,20,20,29,10,27,0,8,3,13,-3,-7,-22,-22,-12,34,0,122,127,122,127,130,136,189,182,262,239,200,169,191,192,179,183,172,175,280,158,158,168,211,158,163,158,215,215,214,202,202,191,199,186,228,227,245,254,247,228,228,236,234,231,783,1122,1045,856,2331,2107,12837,12838]} 1. e4 e5 2. Nf3 Nc6 3. Bb5 Nf6 4. d3 Bc5 5. c3 d5 6. Nbd2 dxe4 7. dxe4 O-O 8. O-O Qe7 9. b4 {C00: French: Unusual White 2nd moves} Bd6 10. a3 Nd8 {[%cal Bc6d8,Bd8e6,Be6f4][%mdl 32]} 11. Re1 {The position is equal.} a5 $146 {[%cal Ra5b4]} ({Predecessor:} 11... c6 12. Bf1 Bc7 13. g3 a5 14. Rb1 axb4 15. cxb4 Ne6 16. Bb2 Rd8 {½-½ (25) Giri,A (2782)-Aronian,L (2792) Paris 2016}) 12. Rb1 axb4 13. axb4 Bg4 14. h3 Bh5 15. Nf1 Ne6 16. g4 Bg6 17. Ng3 Rfd8 18. Qe2 Nf4 19. Qf1 c6 20. Bc4 b5 21. Bxf4 {Played: Bc4-b3} 1-0

[Event "FIDE Chesscom Grand Swiss 2019"]
[Site "Douglas-Isle of Man"]
[Date "2019.10.15"]
[Round "6.11"]
[White "Paravyan, David"]
[Black "Sevian, Samuel"]
[Result "1/2-1/2"]
[WhiteElo "2602"]
[BlackElo "2654"]
[Annotator "TA"]
[PlyCount "83"]
[EventDate "2019.10.10"]
[EventType "swiss"]
[EventCountry "GBR"]
[SourceTitle "playchess.com"]
[Source "ChessBase"]
[SourceQuality "1"]

{[%evp 15,83,0,0,1,14,8,16,13,9,12,12,4,4,16,13,6,19,12,17,9,27,7,13,0,4,3,23,27,25,4,45,45,46,44,39,7,7,6,10,14,12,10,16,0,9,0,0,0,0,0,4,0,3,0,0,0,0,7,0,0,0,0,0,0,0,0,0,0,0,0]} 1. e4 e5 2. Nf3 Nc6 3. Nc3 Nf6 4. d4 exd4 5. Nxd4 Bb4 6. Nxc6 bxc6 7. Bd3 O-O ({Predecessor:} 7... d5 8. exd5 O-O {½-½ (32) Nikolaidis,I (2544)-Melkumyan,H (2660) Batumi 2018}) 8. O-O d5 9. exd5 {C47: Scotch Four Knights and Four Knights with 4 g3} Bg4 $146 (9... cxd5 10. Bg5 c6 11. Qf3 Bd6 12. Rae1 Rb8 13. Nd1 h6 14. Bxf6 Qxf6 15. Qxf6 gxf6 16. b3 f5 17. Ne3 f4 18. Nf5 Bxf5 19. Bxf5 Kg7 20. g3 Kf6 21. Bd3 {½-½ (30) Movsesian,S (2654)-Ding,L (2811) Khanty-Mansiysk 2019}) 10. f3 Bh5 $1 11. dxc6 Qd4+ 12. Kh1 {[#] Threatens to win with Bxh7+!} Bxc3 13. bxc3 Qxc3 14. Bf4 Qxc6 15. Qe2 Nd5 16. Bg3 Bg6 17. Bb5 Qb7 18. Bf2 c6 19. Ba6 Qb2 20. Rfe1 Qxc2 21. Qxc2 Bxc2 22. Rec1 {Hoping for Bc5.} Bf5 23. a3 Bc8 24. Rxc6 Ne7 25. Bxc8 {Black must now prevent Bd7.} (25. Rc7 $5 {[%cal Ra6c4]} Bxa6 26. Rxe7 $14) 25... Nxc6 {The position is equal.} 26. Bb7 $1 {[%csl LRa8,LRc6][%mdl 64] [#] Double Attack} Ne5 27. Bxa8 Rxa8 $11 {[%mdl 4096] Endgame KRB-KRN} 28. Kg1 h5 29. Kf1 a6 30. a4 Rc8 31. Bd4 Nd3 32. Rd1 Nb4 33. Bb6 Rc2 34. Rd8+ Kh7 35. Rd4 Rb2 {And now ...Nc6 would win.} 36. Bc5 a5 37. Rd7 Kg6 38. Ra7 Rb1+ 39. Ke2 Rb2+ 40. Kf1 Rb1+ 41. Ke2 Rb2+ 42. Kf1 {Accuracy: White = 61%, Black = 56%.} 1/2-1/2

[Event "FIDE Chesscom Grand Swiss 2019"]
[Site "Douglas-Isle of Man"]
[Date "2019.10.15"]
[Round "6.12"]
[White "Sjugirov, Sanan"]
[Black "So, Wesley"]
[Result "1/2-1/2"]
[WhiteElo "2662"]
[BlackElo "2767"]
[Annotator "TA"]
[PlyCount "61"]
[EventDate "2019.10.10"]
[EventType "swiss"]
[EventCountry "GBR"]
[SourceTitle "playchess.com"]
[Source "ChessBase"]
[SourceQuality "1"]

{[%evp 23,61,22,19,20,13,16,12,12,12,10,12,11,16,15,13,12,12,12,12,12,12,12,15,12,20,14,15,6,4,0,0,0,0,0,0,0,0,0,0,0]} 1. d4 Nf6 2. c4 e6 3. Nf3 d5 4. g3 dxc4 5. Bg2 c5 6. O-O Nc6 7. dxc5 Qxd1 8. Rxd1 Bxc5 9. Nbd2 c3 10. bxc3 O-O 11. Nb3 Be7 12. c4 $146 ({Predecessor:} 12. Bb2 Bd7 {½-½ (35) Ding,L (2805)-So,W (2754) Stavanger 2019}) 12... Bd7 {The position is equal.} 13. Bb2 {E04: Open Catalan: 5 Nf3} Rfd8 14. Nfd4 Rac8 15. Nb5 b6 16. Nd6 Bxd6 17. Rxd6 Be8 18. Rxd8 Nxd8 19. Rc1 Bc6 20. c5 Bxg2 21. Kxg2 Nd7 {[%cal Rd7c5]} 22. cxb6 Rxc1 23. Bxc1 axb6 $11 {[%mdl 4096] Endgame KBN-KNN} 24. Kf3 Nc6 25. Ke4 f5+ 26. Kd3 b5 27. Ba3 e5 $1 28. e4 g6 29. Nc5 Nxc5+ 30. Bxc5 Kf7 31. f3 {Accuracy: White = 76%, Black = 97%.} 1/2-1/2

[Event "FIDE Chesscom Grand Swiss 2019"]
[Site "Douglas-Isle of Man"]
[Date "2019.10.15"]
[Round "6.12"]
[White "Motylev, Alexander"]
[Black "Nihal Sarin"]
[Result "1/2-1/2"]
[WhiteElo "2651"]
[BlackElo "2610"]
[Annotator "RC"]
[PlyCount "87"]
[EventDate "2019.10.10"]
[EventType "swiss"]
[EventCountry "GBR"]
[SourceTitle "playchess.com"]
[Source "ChessBase"]
[SourceQuality "1"]
[TimeControl "40/6000+30:20/3000+30:900+30"]

1. e4 {[%emt 0:00:00]} e5 {[%emt 0:00:12]} 2. Nf3 {[%emt 0:00:05]} Nc6 {[%emt 0:00:06]} 3. Bc4 {[%emt 0:00:14]} Bc5 {[%emt 0:00:12]} 4. d3 {[%emt 0:00:19]} Nf6 {[%emt 0:00:07]} 5. c3 {[%emt 0:00:13]} O-O {[%emt 0:00:12]} 6. Nbd2 {[%emt 0:00:12]} d6 {[%emt 0:01:16]} 7. O-O {[%emt 0:00:51]} a6 {[%emt 0:02:38]} 8. Bb3 {[%emt 0:00:33]} Ba7 {[%emt 0:00:39]} 9. h3 {[%emt 0:00:19]} Ne7 {[%emt 0:09:47]} 10. Re1 {[%emt 0:00:56]} Ng6 {[%emt 0:00:56]} 11. Nf1 {[%emt 0:00:13]} h6 {[%emt 0:10:10]} 12. Ng3 {[%emt 0:00:30]} Re8 {[%emt 0:02:02]} 13. d4 {[%emt 0:01:47]} Be6 {[%emt 0:08:57]} 14. Bc2 {[%emt 0:06:05]} c6 {[%emt 0:01:53]} 15. Be3 {[%emt 0:01:19]} Qc7 {[%emt 0:06:16]} 16. a4 {[%emt 0:00:34]} a5 {[%emt 0:21:26]} 17. Bd3 {[%emt 0:10:26]} Rad8 {[%emt 0:11:59]} 18. Qc2 {[%emt 0:03:10]} Bb8 {[%emt 0:02:38]} 19. Rad1 {[%emt 0:17:43]} Qc8 {[%emt 0:03:31]} 20. dxe5 {[%emt 0:01:50]} dxe5 {[%emt 0:02:21]} 21. b4 {[%emt 0:03:35]} axb4 {[%emt 0:02:59]} 22. cxb4 {[%emt 0:01:47]} Bd6 {[%emt 0:00:05]} 23. Qb2 {[%emt 0:04:53]} Qc7 {[%emt 0:05:53]} 24. b5 {[%emt 0:01:51]} Ra8 {[%emt 0:02:18]} 25. Ra1 {[%emt 0:04:26]} cxb5 {[%emt 0:01:20]} 26. axb5 {[%emt 0:03:52]} Rxa1 {[%emt 0:01:14]} 27. Rxa1 {[%emt 0:00:15]} Qe7 {[%emt 0:01:47]} 28. b6 {[%emt 0:02:54]} Rd8 {[%emt 0:01:22]} 29. Bf1 {[%emt 0:00:51]} Kh7 {[%emt 0:05:43]} 30. Ra7 {[%emt 0:07:36]} Bb8 {[%emt 0:01:22]} 31. Ra5 {[%emt 0:00:08]} Kg8 {[%emt 0:01:00]} 32. Kh2 {[%emt 0:07:49]} Rc8 {[%emt 0:00:13]} 33. Ra8 {[%emt 0:01:42]} Bd6 {[%emt 0:00:31]} 34. Qa1 {[%emt 0:03:35]} Rxa8 {[%emt 0:00:29]} 35. Qxa8+ {[%emt 0:00:06]} Kh7 {[%emt 0:00:03]} 36. Kg1 {[%emt 0:01:17]} Qd7 {[%emt 0:01:11]} 37. Kh2 {[%emt 0:13:10]} Ne7 {[%emt 0:02:02]} 38. Qa1 {[%emt 0:04:52]} Ng6 {[%emt 0:00:15]} 39. Qc3 {[%emt 0:01:08]} Qa4 {[%emt 0:00:30]} 40. Nd2 {[%emt 0:00:17]} Qb4 {[%emt 0:00:45]} 41. Qxb4 {[%emt 0:51:44]} Bxb4 {[%emt 0:05:17]} 42. Nc4 {[%emt 0:00:00]} Nd7 {[%emt 0:08:44]} 43. Nf5 {[%emt 0:00:00]} Bxf5 {[%emt 0:05:57]} 44. exf5 {[%emt 0:00:00]} 1/2-1/2